<?xml version="1.0" encoding="UTF-8"?><?xml-stylesheet type="text/xsl" href="static/style.xsl"?><OAI-PMH xmlns="http://www.openarchives.org/OAI/2.0/" xmlns:xsi="http://www.w3.org/2001/XMLSchema-instance" xsi:schemaLocation="http://www.openarchives.org/OAI/2.0/ http://www.openarchives.org/OAI/2.0/OAI-PMH.xsd"><responseDate>2026-04-17T06:13:09Z</responseDate><request verb="GetRecord" identifier="oai:www.recercat.cat:10230/1267" metadataPrefix="marc">https://recercat.cat/oai/request</request><GetRecord><record><header><identifier>oai:recercat.cat:10230/1267</identifier><datestamp>2025-12-19T20:28:36Z</datestamp><setSpec>com_2072_6</setSpec><setSpec>col_2072_452954</setSpec></header><metadata><record xmlns="http://www.loc.gov/MARC21/slim" xmlns:dcterms="http://purl.org/dc/terms/" xmlns:xsi="http://www.w3.org/2001/XMLSchema-instance" xmlns:doc="http://www.lyncode.com/xoai" xsi:schemaLocation="http://www.loc.gov/MARC21/slim http://www.loc.gov/standards/marcxml/schema/MARC21slim.xsd">
   <leader>00925njm 22002777a 4500</leader>
   <datafield ind2=" " ind1=" " tag="042">
      <subfield code="a">dc</subfield>
   </datafield>
   <datafield ind2=" " ind1=" " tag="720">
      <subfield code="a">Aliagas, Cristina</subfield>
      <subfield code="e">author</subfield>
   </datafield>
   <datafield ind2=" " ind1=" " tag="260">
      <subfield code="c">2012-07-11T02:11:30Z</subfield>
   </datafield>
   <datafield ind2=" " ind1=" " tag="260">
      <subfield code="c">2012-07-11T02:11:30Z</subfield>
   </datafield>
   <datafield ind2=" " ind1=" " tag="260">
      <subfield code="c">2008-05-08T13:23:21Z</subfield>
   </datafield>
   <datafield ind2=" " ind1=" " tag="260">
      <subfield code="c">2012-07-10T07:27:36Z</subfield>
   </datafield>
   <datafield ind2=" " ind1=" " tag="520">
      <subfield code="a">El desinterès per la lectura ha esdevingut un nou focus de recerca en l’àmbit de la didàctica de la lectura a Catalunya. En aquesta investigació s’estudia aquest fenomen des d’una mirada sociocultural, prenent el marc teòric i metodològic sobre la literacitat com a pràctica social desenvolupat pels Nous Estudis de Literacitat. L’estudi de cas d’orientació etnogràfica que es presenta té com a objectiu explorar les identitats lectores dins i fora del context acadèmic d’un adolescent barceloní de 14 anys que, al final de l’E.S.O, reconeix que no li agrada llegir i és vist a l’entorn acadèmic i social com un ‘lector amb dificultats’ i un ‘mal estudiant’. Les dades es recullen longitudinalment al 2007, a través d’un cicle d’entrevistes amb profunditat amb aquest adolescent. També s’entrevisten persones clau en la seva formació lectora: la mare, el germà, un amic i el professor de català. Partim de l’anàlisi de les pràctiques lletrades d’aquest adolescent per estudiar, d’una banda, com es construeix la identitat ‘poc-lectora’ i, de l’altra, els factors personals que l’han portat a configurar un punt de vista indiferent envers la lectura.</subfield>
   </datafield>
   <datafield tag="653" ind2=" " ind1=" ">
      <subfield code="a">Llibres i lectura</subfield>
   </datafield>
   <datafield tag="653" ind2=" " ind1=" ">
      <subfield code="a">Lectura</subfield>
   </datafield>
   <datafield tag="653" ind2=" " ind1=" ">
      <subfield code="a">Literatura - Ensenyament</subfield>
   </datafield>
   <datafield ind2="0" ind1="0" tag="245">
      <subfield code="a">El Desinterès per la lectura: converses amb un adolescent</subfield>
   </datafield>
</record></metadata></record></GetRecord></OAI-PMH>